000 00835nam a22002417i 4500
003 DO-SdBNP
005 20231127090249.0
006 a||||gr|||| 00| 0
007 ta
008 231121e19? dr ||||| |||| 00| p spa d
040 _aDO-SdBNP
_bspa
_cBNPHU
_erda
082 4 _222
_bL681
100 _969384
245 1 0 _aLey No. 153. promocion e incentivo del desarrollo turistico = law No. 153 protion and incenticve of tourist development
264 1 _aSanto Domingo :
_bDepartamento para el Desarrollo de la Infraestructura Turística : Secretaría de Estado de Turismo,
_c[fecha no identificada]
300 _a24 páginas ;
_c23 cm.
_b
336 _2rdacontent
_atexto
_btxt
337 _2rdamedia
_asin mediación
_bn
338 _2rdacarrier
_avolumen
_bnc
590 _aInventariado 2023 / DG
910 _aDG
942 _2ddc
_cLF2
999 _c55584
_d55584